Poznaj europejskie języki po literach, które w nich nie występują - Statystyki

Ogólne statystyki
  • Ten quiz został rozwiązany 21 razy
  • Średni wynik to 3 z 20
Statystyki odpowiedzi
Litery alfabetu łacińskiego niewystępujące w języku Język % Poprawnych
q,v,x polski
80%
w albański
25%
k,w hiszpański
25%
b,c,f,q,w,x,z fiński
20%
q,w,x,y serbsko-chorwacki
20%
j,k,w,x,y włoski
20%
q,w czeski
15%
k,w francuski
15%
j,k,q,v,w,x,y,z irlandzki
15%
q,w,x litewski
15%
k,w,y portugalski
15%
q,w,x węgierski
15%
c,q,w,x,z duński
10%
c,q,w,x,z norweski
10%
q,w słowacki
10%
q,w,x,y słoweński
10%
c,q,w,x,y estoński
5%
q,w,x,y łotewski
5%
k,q,w,y rumuński
5%
q,w,x turecki
0%
Nie znaleziono quizów pasujących do podanych kryteriów
Rozkład punktacji
Procent ludzi z każdym wynikiem
Percentyl według liczby udzielonych odpowiedzi
Twoja historia wyników
Nie rozwiązałeś tego quizu